Medios y agentes de expansión económica (Record no. 36309)

MARC details
000 -LEADER
campo de control de longitud fija 00659nam a2200169 i 4500
001 - NÚMERO DE CONTROL
campo de control 36309
003 - IDENTIFICADOR DE NÚMERO DE CONTROL
campo de control ES-MaACL
005 - FECHA Y HORA DE LA ÚLTIMA TRANSACCIÓN
campo de control 20230906155338.0
007 - CAMPO FIJO DE DESCRIPCIÓN FÍSICA--INFORMACIÓN GENERAL
campo de control de longitud fija t|
008 - DATOS DE LONGITUD FIJA--INFORMACIÓN GENERAL
campo de control de longitud fija 030217s1906 sp ||||1| spa d
100 1# - ENTRADA PRINCIPAL--NOMBRE DE PERSONA
Nombre de persona Brusola Tellez, Mariano.
9 (RLIN) 32228
245 10 - MENCIÓN DEL TÍTULO
Título Medios y agentes de expansión económica
Resto del título : memoria presentada /
Mención de responsabilidad, etc. por Mariano Brusola Téllez.
260 ## - PUBLICACIÓN, DISTRIBUCIÓN, ETC.
Lugar de publicación, distribución, etc. Madrid :
Nombre del editor, distribuidor, etc. [s.n.,
Fecha de publicación, distribución, etc. 1906] (
Fabricante Imp. del Asilo de Huérfanos del S. C. de Jesús)
300 ## - DESCRIPCIÓN FÍSICA
Extensión 42 p. :
Otras características físicas 2 h. gráf. pleg. ;
Dimensiones 27 cm.
711 2# - ENTRADA AGREGADA--NOMBRE DE REUNIÓN
Nombre de congreso/reunión o jurisdicción como elemento de entrada Congreso Internacional de Expansión Económica Mundial (
Fecha del congreso o de la firma del tratado 1905.
Sede del congreso/Lugar de la reunión Mons)
9 (RLIN) 139436
852 ## - LOCALIZACIÓN
Ubicación ES-MaACL
Número de control de estantería L-4914 (22-7)
Holdings
Estatus retirado Estado de pérdida Estado de daño No para préstamo Biblioteca de origen Biblioteca actual Ubicación en estantería Fecha de adquisición Fuente de adquisición Total de préstamos Signatura topográfica completa Código de barras Visto por última vez Precio de reemplazo Tipo de ítem Koha
        Biblioteca del Ateneo de Madrid Biblioteca del Ateneo de Madrid Depósito 2 17/01/2008     L-4914 (22-7) 1038118 23/02/2023 23/02/2023 Libro impreso